| 000 | 00371nam a2200145Ia 4500 | ||
|---|---|---|---|
| 008 | 220530s9999 xx 000 0 und d | ||
| 041 | _aeng | ||
| 082 |
_a510 _bTEM |
||
| 100 |
_aTembhekar C N _955928 |
||
| 245 | _aEngineering Mathematics | ||
| 260 |
_aNagpur _bDass Guru Prakasha _c2011 |
||
| 300 |
_a13.19 P _bPB |
||
| 700 |
_a Shobhane P D _955929 |
||
| 906 |
_a88 _bALIED |
||
| 999 |
_c50824 _d50824 |
||